[Event "Marburg op-A"]
[Site "Marburg"]
[Date "2023.10.29"]
[Round "7"]
[White "Kowalski, Holger"]
[Black "Kretschmer, Wolfgang1"]
[Result "1/2-1/2"]
[WhiteElo "1784"]
[BlackElo "1993"]
[PlyCount "45"]
[EventDate "2023.10.26"]
[EventType "swiss"]
[EventRounds "7"]
[EventCountry "GER"]
[SourceTitle "CB49_2023"]
[SourceDate "2023.12.06"]
[SourceVersion "1"]
[SourceVersionDate "2023.12.06"]
[SourceQuality "1"]

1. d4 f5 2. c4 Nf6 3. g3 e6 4. Bg2 d5 5. Nf3 Bd6 6. 0-0 c6 7. b3 Qe7 8. Bb2 Nbd7 9. Qc1 e5 10. dxe5 Nxe5 11. cxd5 Nxd5 12. Nc3 Nxf3+ 13. exf3 Nxc3 14. Qxc3 0-0 15. Rfe1 Qf7 16. Rad1 Be7 17. Qxg7+ Qxg7 18. Bxg7 Re8 19. Bf6 Kf7 20. Bxe7 Rxe7 21. Rxe7+ Kxe7 22. f4 Be6 23. Kf1 1/2-1/2

[Event "Marburg op-A"]
[Site "Marburg"]
[Date "2023.10.27"]
[Round "2"]
[White "Claus, Juergen"]
[Black "Kowalski, Holger"]
[Result "1-0"]
[WhiteElo "2038"]
[BlackElo "1784"]
[PlyCount "123"]
[EventDate "2023.10.26"]
[EventType "swiss"]
[EventRounds "7"]
[EventCountry "GER"]
[SourceTitle "CB49_2023"]
[SourceDate "2023.12.06"]
[SourceVersion "1"]
[SourceVersionDate "2023.12.06"]
[SourceQuality "1"]

1. d4 Nf6 2. c4 e6 3. Nc3 Bb4 4. e3 b6 5. Bd3 Bb7 6. f3 d5 7. Nge2 0-0 8. 0-0 c5 9. a3 Bxc3 10. bxc3 Ba6 11. cxd5 Bxd3 12. Qxd3 exd5 13. e4 Nc6 14. e5 Ne8 15. f4 cxd4 16. cxd4 f5 17. Bd2 Nc7 18. Rfc1 Qd7 19. Qc2 Nxd4 20. Nxd4 Rac8 21. Qc6 Qxc6 22. Rxc6 Na6 23. Rxc8 Rxc8 24. Nxf5 Rc2 25. Rd1 Kf7 26. g3 Nc5 27. Bb4 a5 28. Ne3 Ra2 29. Bxc5 bxc5 30. Rxd5 Rxa3 31. Nc4 Ra1+ 32. Kg2 a4 33. Rxc5 a3 34. Ra5 a2 35. Kh3 Ke6 36. Kg4 Rc1 37. Ra6+ Ke7 38. Rxa2 Rxc4 39. Ra7+ Kf8 40. h4 Rc3 41. h5 h6 42. Kh4 Rc4 43. Ra6 Kf7 44. Rg6 Re4 45. Kg4 Re1 46. Kf5 Re3 47. g4 Re1 48. Ra6 Rb1 49. Ra7+ Kf8 50. Ra8+ Ke7 51. Ra6 Rb4 52. Rg6 Kf8 53. g5 hxg5 54. Kxg5 Rb1 55. h6 gxh6+ 56. Rxh6 Kg7 57. Rg6+ Kf7 58. Rf6+ Ke7 59. Kf5 Rb5 60. Rh6 Rb1 61. Rh7+ Ke8 62. Kf6 1-0